Bifurcation and chaos in simple dynamical systems

Αποθηκεύτηκε σε:
Λεπτομέρειες βιβλιογραφικής εγγραφής
Κύριος συγγραφέας: Awrejcewicz, J. (Jan)
Μορφή: Βιβλίο
Γλώσσα:English
Δημοσίευση: Singapore : Teaneck, N.J. : World Scientific, 1989
Θέματα:
Ετικέτες: Προσθήκη ετικέτας
Δεν υπάρχουν, Καταχωρήστε ετικέτα πρώτοι!

MARC

LEADER 00000cam a2200000 i 4500
001 1/32547
008 941103s1989 eng d
020 |a 9810200382 
035 |l 10039127 
035 |a 1991  |c ΣΕΙΜΕΝΗΣ 
040 |a GR-MY-UA  |b gre  |e aacr 
041 0 |a eng 
082 0 |a 515.35  |2 (20) 
100 1 |a Awrejcewicz, J.  |q (Jan) 
245 1 0 |a Bifurcation and chaos in simple dynamical systems /  |c by J. Awrejcewicz 
260 |a Singapore :   |a Teaneck, N.J. :   |b World Scientific,   |c 1989 
300 |a p. cm 
504 |a Includes bibliographical references 
650 0 0 |a Bifurcation theory. 
650 0 0 |a Chaotic behavior in systems. 
650 0 0 |a Boundary value problems  |x Numerical solutions. 
852 |a INST  |b SAMOS  |e 19941103  |h 515.35 AWR  |p 005300002990  |q 005300002990  |t BK  |y 0 
909 |a Σ  |b 021671